000 00409nam a22001697a 4500
003 MPLRDC
005 20220104123801.0
008 210129b ||||| |||| 00| 0 eng d
082 _a544.49 ZJSF*
100 _a不详
245 _a有计划地生孩子: 避孕常识
_c
250 _a一版一刷
260 _a
_b浙江人民出版社
_c1956
300 _b
650 _a
942 _cBK
_o544.49 ZJSF*
999 _c14170
_d14160